Slovensko 2008 súhrnná správa o stave spoločnosti

Guardado en:
Detalles Bibliográficos
Otros Autores: Kollár, Miroslav, Mesežnikov, Grigorij, Bútora, Martin
Formato: Libro
Lenguaje:eslovaco
inglés
Publicado: Bratislava Inštitút pre verejné otázky 2009
Colección:Slovensko v pohybe
Materias:
Etiquetas: Agregar Etiqueta
Sin Etiquetas, Sea el primero en etiquetar este registro!

MARC

LEADER 00000nam$a2200000$$$4500
001 0092063
005 20240318114650.4
020 |a 80-89345-15-1 
041 0 |a slo 
041 0 |a eng 
044 |a SK 
245 1 0 |a Slovensko 2008  |b súhrnná správa o stave spoločnosti  |c editori: Miroslav Kollár, Grigorij Mesežnikov a Martin Bútora 
264 1 |a Bratislava  |b Inštitút pre verejné otázky  |c 2009 
300 |a 749 s. 
490 1 |a Slovensko v pohybe 
830 0 |a Slovensko v pohybe 
610 2 0 |a politika vnútorná 
610 2 0 |a politika zahraničná 
610 2 0 |a politika hospodárska 
610 2 0 |a spoločnosť 
610 2 0 |a Slovensko 
700 1 |a Kollár, Miroslav 
700 1 |a Mesežnikov, Grigorij 
700 1 |a Bútora, Martin